01349nam a2200337 a 4500001001200000003000800012006001900020007001500039008004100054010001700095020002200112020003800134040002100172035002000193050002200213082001800235245014900253260006000402300002700462504005100489533015200540650004800692650001700740655002900757700001700786700002600803700002200829710001700851856012600868999001700994ebr10022279CaPaEBRm u cr cn|||||||||010906s2001 ne a sb 011 0 eng  z 2001043739 z9027225842 (Eur.) z1588111180 (US : hb : alk. paper) aCaPaEBRcCaPaEBR a(OCoLC)7076509214aP51b.R364 2001eb04a418/.007122100aReflections on language and language learningh[electronic resource] :bin honour of Arthur van Essen /cedited by Marcel Bax, Jan-Wouter Zwart. aAmsterdam ;aPhiladelphia :bJ. Benjamins Pub.,cc2001. axxxiii, 366 p. :bill. aIncludes bibliographical references and index. aElectronic reproduction.bPalo Alto, Calif. :cebrary,d2013.nAvailable via World Wide Web.nAccess may be limited to ebrary affiliated libraries. 0aLanguage and languagesxStudy and teaching. 0aLinguistics. 7aElectronic books.2local1 aBax, Marcel.1 aZwart, C. Jan-Wouter.1 aEssen, A. J. van.2 aebrary, Inc.40uhttp://site.ebrary.com/lib/rucke/Doc?id=10022279zAn electronic book accessible through the World Wide Web; click to view c24536d24536